Letters for the international exchange of publications <a> guide to their composition in English, French, German, Russiona and Spanish

Salvato in:
Dettagli Bibliografici
Autore principale: Allardyce, Alex
Altri autori: Lethéve, Jaques
Natura: Libro
Lingua:inglese
Pubblicazione: München Saur 1978
Serie:IFLA Publications 13
Tags: Aggiungi Tag
Nessun Tag, puoi essere il primo ad aggiungerne!!

MARC

LEADER 00000nam a2200000 4500
001 c130249
005 20230227125857.5
041 0 |a eng 
044 |a DE 
245 1 0 |a Letters for the international exchange of publications  |b <a> guide to their composition in English, French, German, Russiona and Spanish  |c Alex Allardyce ; [Translated by Jaques Lethéve] 
264 1 |a München  |b Saur  |c 1978 
300 |a 148 s. 
490 1 |a IFLA Publications  |v 13 
830 0 |a IFLA Publications  |v 13 
100 1 |a Allardyce, Alex 
700 1 |a Lethéve, Jaques